El secreto de If / (رقم التسجيلة. 124863)

تفاصيل مارك
000 -LEADER
fixed length control field 01037cam a2200313 a 4500
008 - FIXED-LENGTH DATA ELEMENTS--GENERAL INFORMATION
fixed length control field 120402s2008 sp 000 0 spa d
020 ## - INTERNATIONAL STANDARD BOOK NUMBER
International Standard Book Number 9788467529357
040 ## - CATALOGING SOURCE
Original cataloging agency EG-GiCUC
Language of cataloging spa
Transcribing agency EG-GiCUC
050 00 - LIBRARY OF CONGRESS CALL NUMBER
Classification number PQ6653.O47285
Item number R67 2008
092 04 - LOCALLY ASSIGNED DEWEY CALL NUMBER (OCLC)
Classification number 863.64
Item number C747s
Edition number 21
099 ## - LOCAL FREE-TEXT CALL NUMBER (OCLC)
Classification number 04
-- 863.64 C747s
100 1# - MAIN ENTRY--PERSONAL NAME
Personal name Conejo, Ana Isabel,
Dates associated with a name 1970-
245 13 - TITLE STATEMENT
Title El secreto de If /
Statement of responsibility, etc. Ana Alonso, Javier Pelegrín ; ilustraciones de Marcelo Pérez.
250 ## - EDITION STATEMENT
Edition statement 1{u00AA} ed.
260 ## - PUBLICATION, DISTRIBUTION, ETC.
Place of publication, distribution, etc. Boadilla del Monte [Spain] :
Name of publisher, distributor, etc. Ediciones SM,
Date of publication, distribution, etc. c2008.
300 ## - PHYSICAL DESCRIPTION
Extent 261 p. :
Other physical details il. col. ;
Dimensions 23 cm.
490 0# - SERIES STATEMENT
Series statement El barco de vapor.
500 ## - GENERAL NOTE
General note "Premio El Barco de Vapor 2008"
600 10 - SUBJECT ADDED ENTRY--PERSONAL NAME
Personal name Conejo, Ana Isabel,
Dates associated with a name 1970-
650 #0 - SUBJECT ADDED ENTRY--TOPICAL TERM
Topical term or geographic name entry element Spanish fiction
Chronological subdivision 21st century.
700 1# - ADDED ENTRY--PERSONAL NAME
Personal name Pelegrín, Javier,
Dates associated with a name 1967-
700 1# - ADDED ENTRY--PERSONAL NAME
Personal name Pérez, Marcelo,
Dates associated with a name 1962-
Relator term
830 #0 - SERIES ADDED ENTRY--UNIFORM TITLE
Uniform title El barco de vapor.
902 ## - LOCAL DATA ELEMENT B, LDB (RLIN)
No. of Items 1
905 ## - LOCAL DATA ELEMENT E, LDE (RLIN)
Cataloger Jamal
Reviser Cat.
905 ## - LOCAL DATA ELEMENT E, LDE (RLIN)
Cataloger Jihan
Reviser Rev.
942 ## - ADDED ENTRY ELEMENTS (KOHA)
Source of classification or shelving scheme Dewey Decimal Classification
Koha item type Books
المقتنيات
Source of classification or shelving scheme Not for loan Home library Current library Date acquired Full call number Barcode Date last seen Copy number Koha item type
Dewey Decimal Classification   المكتبة المركزبة الجديدة - جامعة القاهرة قاعة الثقاقات الاجنبية - الدور الثالث 11.02.2024 863.64 C747s Spa. 01000116001166000 05.07.2024 C.1 Books
Cairo University Libraries Portal Implemented & Customized by: Eng. M. Mohamady Contacts: new-lib@cl.cu.edu.eg | cnul@cl.cu.edu.eg
CUCL logo CNUL logo
© All rights reserved — Cairo University Libraries
CUCL logo
Implemented & Customized by: Eng. M. Mohamady Contact: new-lib@cl.cu.edu.eg © All rights reserved — New Central Library
CNUL logo
Implemented & Customized by: Eng. M. Mohamady Contact: cnul@cl.cu.edu.eg © All rights reserved — Cairo National University Library